Films, TV Shows and Shorts based on Marvel Comics - Statistics

General Stats
  • This quiz has been taken 361 times
    142 since last reset
  • The average score is 62 of 115
Answer Stats
% Correct
Films Iron Man
95%
Films Hulk
93%
Films Thor
92%
Films Captain America: The First Avenger
91%
Films The Avengers
91%
Films Avengers: Endgame
89%
Films Spider-Man
89%
Films The Amazing Spider-Man
89%
Films Avengers: Infinity War
87%
Films Iron Man 2
85%
Films Iron Man 3
85%
Films Captain America: Civil War
83%
Films Captain America: The Winter Soldier
83%
Films Thor: Ragnarok
83%
TV Shows Loki
80%
Films X-Men
80%
Films Avengers: Age of Ultron
79%
Films Guardians of The Galaxy
79%
Films Spider-Man: Homecoming
79%
TV Shows WandaVision
79%
Films Spider-Man: Far From Home
78%
Films Spider-Man: No Way Home
78%
Films Ant-Man
77%
Films Black Panther
77%
Films Black Widow
76%
Films Deadpool
76%
Films Thor: The Dark World
76%
Films Spider-Man 2
75%
Films Spider-Man 3
75%
Films Ant-Man and The Wasp
73%
Films Captain Marvel
73%
Films The Wolverine
73%
Films Deadpool 2
72%
Films Doctor Strange
72%
Films Daredevil (film)
71%
TV Shows Daredevil (TV Show)
71%
Films Guardians of The Galaxy Volume 2
71%
TV Shows Hawkeye
71%
Films Thor: Love and Thunder
71%
Films Guardians of The Galaxy Volume 3
70%
Films X-Men 2
70%
Films Black Panther: Wakanda Forever
69%
Films Fantastic Four (2005)
69%
Films Fantastic Four (2015)
69%
Films The Incredible Hulk
69%
Films Deadpool & Wolverine
67%
Films X-Men: The Last Stand
67%
Films Eternals
66%
TV Shows She-Hulk: Attorney at Law
66%
Films The Marvels
66%
Films Doctor Strange in The Multiverse of Madness
64%
Films Elektra
64%
Films Shang-Chi and The Legend of The Ten Rings
64%
Films X-Men: Days of Future Past
64%
TV Shows Agents of Shield
63%
Films Ant-Man and The Wasp: Quantumania
62%
Films Blade
62%
TV Shows The Falcon and The Winter Soldier
62%
TV Shows Luke Cage
61%
Films X-Men: Apocalypse
61%
Films X-Men: First Class
60%
Films Logan
59%
TV Shows Jessica Jones
58%
TV Shows Iron Fist
57%
Films Venom
56%
TV Shows Moon Knight
55%
Films The Amazing Spider-Man 2
55%
TV Shows The Punisher
55%
Films The Punisher (film)
55%
Films X-Men: Dark Phoenix
54%
Films Blade 2
53%
TV Shows Ms Marvel
53%
TV Shows Agatha All Along
49%
Films Ghost Rider
47%
TV Shows The Defenders
47%
Films Fantastic Four: Rise of The Silver Surfer
46%
Shorts Agent Carter (Short)
45%
TV Shows Agent Carter (TV Show)
45%
TV Shows Secret Invasion
45%
Films X-Men Origins: Wolverine
45%
Films Blade: Trinity
43%
Films Venom: Let There Be Carnage
43%
TV Shows Echo
38%
Films Morbius
37%
Films The New Mutants
35%
Films Howard the Duck
34%
Films Madame Web
34%
TV Shows Werewolf by Night
33%
TV Shows Inhumans
32%
Shorts I Am Groot
30%
TV Shows Cloak and Dagger
29%
TV Shows Runaways
27%
TV Shows Guardians of The Galaxy: Holiday Special
25%
Films Punisher: War Zone
25%
Films Ghost Rider: Spirit of Vengeance
23%
Shorts All Hail The King
17%
Shorts Item 47
17%
Shorts Team Thor
14%
TV Shows Helstrom
13%
TV Shows Legion
13%
Shorts The Consultant
12%
TV Shows The Gifted
11%
Shorts A Funny Thing Happened On The Way To Thor's Hammer
9%
Shorts Team Darryl
8%
Shorts Team Thor: Part 2
8%
Shorts Peter's To Do List
5%
Films The Death of the Incredible Hulk
5%
Films The Trial of the Incredible Hulk
5%
TV Shows WHIH Newsfront
5%
TV Shows Agents of Shield: Slingshot
4%
TV Shows Blade: The Series
4%
Films The Incredible Hulk Returns
4%
Shorts Deadpool and Korg React
3%
Shorts No Good Deed
3%
TV Shows The Daily Bugle
3%
No matching quizzes found
Score Distribution
Percent of People with Each Score
Percentile by Number Answered
Your Score History
You have not taken this quiz since the last reset